000 00501nam a22001817a 4500
003 NUST - PNEC
005 20170116181204.0
008 160223b xxu||||| |||| 00| 0 eng d
020 _a9789638893071
040 _cLIBRARY
082 _a796 KHA
100 _916608
_aKhalid Mahmood
245 _aReflections: A collection of articles on sports
_cSyed Khalid Mahmood
260 _aKarachi:
_bJumbo Publishing;
_c2010
300 _a142 pages
650 _916609
_aSports
_xGeneral
942 _2ddc
_cBK
999 _c71580
_d71580